000 00653nam a2200181 i 4500
001 126948
003 ES-MaACL
005 20231228191708.0
008 070214s1910 sp |||| | spa d
100 1 _aRey Pastor, Julio,
_d1888-1962
_996535
245 1 0 _aCorrespondencia de figuras elementales, con aplicación al estudio de las figuras que engendran /
_cJulio Rey Pastor.
260 _aMadrid :
_b[s.n.],
_c1910.
300 _a96 p. ;
_c24 cm.
502 _aTesis-Univ. de Madrid, Fac. de Ciencias, leída el 5 de julio de 1909.
650 0 4 _aGeometría proyectiva.
_913104
852 _aES-MaACL
_jT-1197-F-9
999 _c126948
_d126948